| 000 | 01070cam a2200241 i 4500 | ||
|---|---|---|---|
| 005 | 20260202114736.0 | ||
| 008 | 250721s2001 jo gr 000 0 ara d | ||
| 082 | 1 | 4 |
_a371.201 _bف ي ف |
| 100 | 1 |
_aفيفر، إيزابيل _eمؤلف. |
|
| 245 | 1 | 2 |
_aالإشراف التربوي على المعلمين : _bدليل لتحسين التدريس / _cتأليف ايزابيل فيفر، جين دنلاب ؛ ترجمة الدكتور محمد عيد دبراني ؛ مراجعة الدكتور عمر الشيخ. |
| 250 | _aالطبعة الثالثة. | ||
| 264 | 3 | 1 |
_aعمان : _bدار مجدلاوي، _c2001. |
| 300 | _a370 صفحة. | ||
| 490 | 0 |
_aمنشورات الجامعة الأردنية ؛ _vرقم 2. |
|
| 650 | 1 | 7 | _aالإشراف التربوي. |
| 650 | 1 | 7 | _aالمعلمون. |
| 650 | 1 | 7 | _aالإدارة. |
| 700 | 1 |
_aدنلاب، جين _eمؤلف. |
|
| 700 | 1 |
_aديراني، محمد عيد _eمترجم. |
|
| 830 | 0 | _aمنشورات الجامعة الأردنية. | |
| 942 |
_2ddc _cBK |
||
| 999 |
_c35213 _d35213 |
||